<?xml version="1.0" encoding="UTF-8"?>
<collection xmlns="http://www.loc.gov/MARC21/slim">
 <record>
  <leader>01063nam a2200253 a 4500</leader>
  <controlfield tag="001">00017150</controlfield>
  <controlfield tag="003">BD-DhAAL</controlfield>
  <controlfield tag="008">110821s2004    ii a          001 0 eng d</controlfield>
  <datafield tag="020" ind1=" " ind2=" ">
   <subfield code="a">8188681008</subfield>
  </datafield>
  <datafield tag="040" ind1=" " ind2=" ">
   <subfield code="a">BD-DhAAL</subfield>
   <subfield code="c">BD-DhAAL</subfield>
  </datafield>
  <datafield tag="082" ind1="0" ind2="0">
   <subfield code="a">813.009</subfield>
  </datafield>
  <datafield tag="100" ind1="1" ind2=" ">
   <subfield code="a">Raleigh, Walter</subfield>
   <subfield code="9">58288</subfield>
  </datafield>
  <datafield tag="245" ind1="1" ind2="0">
   <subfield code="a">The english novel /</subfield>
   <subfield code="c">Walter Raleigh forworded by T. R. Sharma</subfield>
  </datafield>
  <datafield tag="250" ind1=" " ind2=" ">
   <subfield code="a">super deluxe edition 2004</subfield>
  </datafield>
  <datafield tag="260" ind1=" " ind2=" ">
   <subfield code="a">Meerut :</subfield>
   <subfield code="b">Shalabah publishing house,</subfield>
   <subfield code="c">2004.</subfield>
  </datafield>
  <datafield tag="300" ind1=" " ind2=" ">
   <subfield code="a">xii, 298 p. :</subfield>
   <subfield code="b">ill. ;</subfield>
   <subfield code="c">24 cm</subfield>
  </datafield>
  <datafield tag="500" ind1=" " ind2=" ">
   <subfield code="a">Includes index.</subfield>
  </datafield>
  <datafield tag="526" ind1=" " ind2=" ">
   <subfield code="a">ENH</subfield>
   <subfield code="x">Prof. Syed Manzoorul Islam
Faculty Member of BRAC University</subfield>
  </datafield>
  <datafield tag="541" ind1="1" ind2=" ">
   <subfield code="e">00017150</subfield>
   <subfield code="a">Friends' Book Corner</subfield>
  </datafield>
  <datafield tag="650" ind1=" " ind2="0">
   <subfield code="a">English fiction</subfield>
   <subfield code="x">History and criticism.</subfield>
  </datafield>
  <datafield tag="852" ind1="4" ind2=" ">
   <subfield code="a">Ayesha Abed Library </subfield>
   <subfield code="c">General Stacks</subfield>
  </datafield>
  <datafield tag="942" ind1=" " ind2=" ">
   <subfield code="2">ddc</subfield>
   <subfield code="c">BK</subfield>
  </datafield>
  <datafield tag="999" ind1=" " ind2=" ">
   <subfield code="c">11212</subfield>
   <subfield code="d">11212</subfield>
  </datafield>
  <datafield tag="952" ind1=" " ind2=" ">
   <subfield code="0">0</subfield>
   <subfield code="1">0</subfield>
   <subfield code="2">ddc</subfield>
   <subfield code="4">0</subfield>
   <subfield code="6">813_009000000000000_RAL</subfield>
   <subfield code="7">0</subfield>
   <subfield code="9">17904</subfield>
   <subfield code="a">BRACUL</subfield>
   <subfield code="b">BRACUL</subfield>
   <subfield code="c">GEN</subfield>
   <subfield code="d">2011-08-23</subfield>
   <subfield code="e">Friends' Book Corner</subfield>
   <subfield code="g">1500.00</subfield>
   <subfield code="l">0</subfield>
   <subfield code="o">813.009 RAL</subfield>
   <subfield code="p">3010017150</subfield>
   <subfield code="r">2011-08-23</subfield>
   <subfield code="t">1</subfield>
   <subfield code="w">2011-08-23</subfield>
   <subfield code="y">BK</subfield>
   <subfield code="x">Requisitioned by Prof. Syed Manzoorul Islam (Faculty Member of BRAC University).</subfield>
  </datafield>
 </record>
</collection>
